[Event "EU-chT (Men) 11th"]
[Site "Pula"]
[Date "1997.05.??"]
[Round "9.2"]
[White "Kempinski, Robert"]
[Black "Pinter, Jozsef"]
[Result "0-1"]
[WhiteElo "2515"]
[BlackElo "2575"]
[Annotator "Ribli,Z"]
[PlyCount "72"]
[EventDate "1997.05.05"]
[EventType "team-swiss"]
[EventRounds "9"]
[EventCountry "CRO"]
[SourceTitle "CBM 057 Extra"]
[Source "ChessBase"]
[SourceDate "1997.05.01"]
[SourceVersion "1"]
[SourceVersionDate "1997.05.01"]
[SourceQuality "1"]
[WhiteTeam "Poland"]
[BlackTeam "Hungary"]
[WhiteTeamCountry "POL"]
[BlackTeamCountry "HUN"]

1. Nf3 Nf6 2. c4 c5 3. Nc3 Nc6 4. g3 d5 5. cxd5 Nxd5 6. Nxd5 {Eine seltene
Fortsetzung. Dieser Springertausch verspricht keinen Eröffnungsvorteil.Ribli.}
Qxd5 7. Bg2 e5 8. d3 Be7 $11 9. O-O Qe6 $5 {Weiß hat vorübergehend
Entwicklungsvorsprung, aber Schwarz kontrolliert die wichtigen Feldern im
Zentrum.Ribli.} (9... O-O 10. Be3 Qd6 (10... Qe6 11. Qc1 (11. Qb3 Rb8 (11...
Qd6 12. Rfc1 b6 13. Nd2 Bd7 14. Qd5 Qc7 15. a3 Rac8 16. Rab1 Bg4 17. Qxc6 Qxc6
18. Bxc6 Rxc6 19. f3 Bd7 20. b4 cxb4 21. Rxc6 Bxc6 22. axb4 {1/2-1/2 Zueger,
B-Schlosser,P/Horgen SKA 1994}) 12. Ng5 (12. Rfc1 b6 13. Qxe6 Bxe6 14. Ng5 Bxg5
15. Bxg5 Nd4 16. Kf1 f6 $11 {remis Andersson,U-Timman,J/Tilburg 1987 (53)})
12... Bxg5 13. Qxe6 Bxe6 14. Bxg5 Rfc8 15. Bd2 c4 16. dxc4 Bxc4 17. Bc3 {
1/2-1/2 Krasenkow,M-Vaganian,R/Moscow op 1990}) (11. Bd2 Bd7 12. Bc3 Rac8 13.
b3 Nd4 14. e3 Nxf3+ 15. Qxf3 Bc6 {Magnusson,J-Pritchett,C/Rilton Cup 1988/1/
2-1/2 (45)}) 11... Nd4 12. Bxd4 exd4 13. b4 cxb4 14. Nxd4 Qb6 15. Nb3 Bf6 {
0-1 Spiridonov,N-Pinter,J/FRA-chT 1993 (42)}) 11. Rc1 Nd4 12. Nd2 Qa6 13. Nc4
Bg4 14. Re1 Bf6 15. Bxd4 exd4 16. a4 Bg5 17. Rb1 Bd7 18. b4 Bxa4 {1/2-1/2
Naumann,F-Schlosser,P/Regensburg op 1996}) 10. Ng5 (10. Be3 $5 O-O 11. Qb3 Rb8
12. Ng5 Bxg5 13. Qxe6 Bxe6 14. Bxg5 Rfc8 $11 {[%csl Yd4,Gg2][%cal Yc6d4,Yc5d4,
Ye5d4,Yg2b7]}) 10... Bxg5 11. Bxg5 Bd7 {Wir haben eine typische
Maroczy-Stellung mit vertauschten Farben auf dem Brett. Diese Stellung aus der
Sizilianischen Verteidigung (Maroczy-Variante) wohlbekannt.Ribli.} (11... O-O
12. Rc1 Qxa2 (12... b6 13. b4 $36 {[%csl Gg2][%cal Yg2a8]}) 13. Rxc5 $13) 12.
Qc1 b6 13. Qc4 Qg6 {Natürlich muß Schwarz die Damen auf dem Brett halten.Ribli.
} (13... Qxc4 $6 14. dxc4 $14 {[%csl Yd5]}) 14. Be3 O-O 15. a3 Rac8 16. Qa6 $6
{Die weiße Dame richtet auf a6 nichts aus. Statt dieses pseudoaktiven Zuges
wäre es angebracht, die Verteidigung zu organisieren.Ribli.} (16. b4 $2 cxb4
17. axb4 Nd4 {[%cal Rd4e2]}) 16... Rc7 $1 $15 {Der Turm verteidigt den Pa7 und
ermöglicht die spätere Turmverdopplung.Ribli.} 17. Rac1 Qd6 18. Qc4 Be6 19. Qb5
{Das ist ein indirektes Remisangebot. Weiß hofft auf Zugwiederholung.Ribli.}
Rfc8 $1 20. Qa4 Bd7 21. Qe4 Nd4 {[%csl Yd4] Mit einfachen aber guten Zügen hat
Scharz positionellen Vorteil erreicht. Der ausgezeichnete Nd4 kontrolliert das
ganze Brett.Ribli.} 22. Bxd4 $8 exd4 {[%csl Re2][%cal Yc8e8,Yc7e7,Ye7e2,Ye8e7]}
23. Qh4 h6 {Weiß hat kein Gegenspiel, da b2-b4 nicht möglich ist. So hat
Schwarz Zeit genug für einen solchen profilaktischen Zug.Ribli.} 24. Bh3 Re8 {
[%cal Re8e2]} 25. Bxd7 Qxd7 26. Rc2 Qa4 {[%csl Yb3]} 27. Rfc1 Qb3 $1 {Sehr
präzise gespielt. Schwarz läßt Weiß kein Chance, b2-b4 durchzusetzen.} 28. Qf4
Rce7 29. Qf3 g6 {Sehr unangenehm für Weiß. Schwarz verbessert seine
Königsstellung und beginnt erst im optimalen Moment mit konkreten Aktionen.
Ribli.} 30. Rd2 Kg7 31. Kf1 h5 32. h4 Re5 $1 {[%cal Yb3e6,Ye8e2,Ye5f5] Schwarz
bereitet den eventuellen Turmzug nach f5 vor, während Weiß zum Abwarten
gezwungen ist.Ribli.} 33. Kg2 Qe6 34. b4 $2 {Aus psychologischer Sicht
verständlich. Weiß möchte einen aktiven Zug ausführen, aber das Nachgeben
gegenüber dieser Neigung führt zum sofortigen Verlust.Ribli.} (34. Kg1 Rf5 35.
Qg2 $17 {Das verspricht auch keine rosigen Zeiten, aber Weiß muß so spielen.
Ribli.}) (34. Re1 Rf5 35. Qb7 Rxf2+ 36. Kxf2 Qe3+ $19) 34... Rf5 $19 35. Qb7 (
35. Qe4 Qd7 $19 {[%csl Re4] Interessant, es gibt kein Feld für die Dame!Ribli.}
) 35... Rxf2+ $1 36. Kxf2 Qe3+ {Und Weiß gab auf.Ribli.} (36... Qe3+ 37. Ke1 {
Andernfalls fällt die weiße Königsstellung auseinander.} Qg1#) 0-1

[Event "Ljubljana"]
[Site "Ljubljana"]
[Date "1997.??.??"]
[Round "2"]
[White "Grosar, Aljosa"]
[Black "Efimov, Igor"]
[Result "1-0"]
[WhiteElo "2495"]
[BlackElo "2530"]
[Annotator "Ribli,Z"]
[PlyCount "107"]
[EventDate "1997.05.20"]
[EventType "tourn"]
[EventRounds "11"]
[EventCountry "SLO"]
[EventCategory "9"]
[SourceTitle "CBM 058 Extra"]
[Source "ChessBase"]
[SourceDate "1997.07.29"]
[SourceVersion "1"]
[SourceVersionDate "1997.07.29"]
[SourceQuality "1"]

1. e4 c5 2. Nf3 b6 {Ein selten gespielter Zug in der Sizilianischen
Verteidigung. Schwarz möchte die Igelvariante spielen.Ribli.} 3. c4 (3. d4 cxd4
4. Nxd4 Bb7 5. Nc3 $14 {Das wäre die Alternative für Weiß, wenn er schnelle
Figurenentwicklung anstrebt. Ribli.}) 3... Bb7 4. Nc3 e6 5. d4 cxd4 6. Nxd4 a6
(6... d6 7. Be2 (7. Be3 Nf6 8. Bd3 Nbd7 9. O-O Rc8 10. Rc1 Be7 11. b3 Nc5 12.
f3 a6 13. Bb1 O-O 14. Nde2 Qc7 15. Bd4 {Henneberg,I-Klawonn,M/DLMw Schoeneck
1996/JUN 97/1-0 (36)}) 7... Nf6 8. O-O Be7 9. Qa4+ Qd7 10. Qxd7+ Nbxd7 11. Ndb5
O-O 12. Rd1 Nxe4 13. Nxe4 Bxe4 14. Nxd6 {1/2-1/2 Azmaiparashvili,Z-Granda
Zuniga,J/Capablanca mem-A 1988/CBM 10 (36)}) (6... Nc6 7. Nc2 Nf6 8. b3 Nb4 9.
f3 Nxc2+ 10. Qxc2 Bc5 11. Bb2 O-O 12. O-O-O $5 Rc8 13. e5 Ne8 14. Kb1 f5 15.
Qd2 Rf7 16. Nb5 a5 17. a4 {Csom,I-Sanguineti,R/Biel izt 1976/1-0 (59)}) 7. Nc2
(7. Qe2 $5 d6 8. g3 {Der Aufbau mit 9.Bg2 ist vorteilhaft für Weiß - denn er
hat auch seinen Läufer auf der großen Diagonale.} Nf6 9. Bg2 Nbd7 10. O-O Qc7
11. Bd2 Rc8 12. b3 Be7 13. Rac1 O-O 14. h3 Rfe8 15. g4 g6 16. f4 e5 17. fxe5
dxe5 18. Nc2 b5 19. Nd5 Nxd5 20. cxd5 Qb6+ 21. Kh1 {1-0 Csom,I-Karsa,L/
Zalakaros op rap 1992 (27)}) (7. Be3 d6 (7... Nf6 8. e5 Ne4 9. Nxe4 Bxe4 10.
Qd2 $14) 8. Be2 Nf6 9. f3 Nbd7 10. O-O Be7 {Das ist eine oft gespielte
Hauptvariante in Igelstellungen.}) 7... d6 (7... Qc7 8. Be3 d6 9. Qd2 Nf6 10.
f3 Nc6 11. Rc1 Nd7 12. Be2 Be7 13. O-O O-O 14. Rfd1 Rfd8 {Huettemann,K-Kuhn,D/
NRW-I 1988/BIG 80/1/2-1/2 (39)}) 8. g3 Nf6 9. Bg2 Nbd7 10. O-O Rc8 (10... Be7
$2 {Das Problem ist mit diesem auf den ersten Blick normal erscheinenden
Läuferzug nicht behoben. Denn Weiß kann den Be7 nach 11.e5 gewinnen.} 11. e5
Bxg2 12. exf6 Bxf1 13. fxe7 Qxe7 14. Qxf1 $16) (10... Qc7 $5) 11. Qe2 (11. e5
$2 Bxg2 12. exf6 Bxf1 $17) (11. b3 b5 {[%csl Gc8][%cal Gc8c3]}) 11... Qc7 12.
Ne3 (12. b3 b5 $13 13. Ne3 $6 b4 14. Ncd1 Bxe4 $17) 12... Be7 13. Bd2 (13. b3
b5 $13) 13... O-O 14. Rac1 Qb8 15. Rfd1 Qa8 16. f3 $14 {Weiß besitzt einen
traditionell verbürgten Raumvorteil. Sein Ne3 verhindert den Vorstoß d6-d5 und
hält gleichzeitig den Pc4. Der andere Bauernvorstoß b6-b5 ist auch nicht
durchführbar, daher ist die schwarze Stellung passiver.Ribli.} Rfe8 {Schwarz
hat eine normale Igelstellung aufgebaut. Beide Türme sind gut platziert, und
seine Stellung weist keine besonderen Schwächen auf. Sein Hauptproblem besteht
darin, daß er, wenn Weiß vorsichtig spielt, es schwer hat, zu Gegenspiel zu
kommen.Ribli.} 17. Be1 Rc7 18. Bf2 Rec8 19. Rc2 (19. b3 b5 $13 {[%cal Gc8c3]})
19... Ne5 20. Na4 {[%csl Rb6]} Nfd7 21. Rdc1 Nc6 {[%cal Rc6b4,Rc6d4] Schwarz
verbindet einen schönen Plan mit diesem Zug, aber es bleibt keine Zeit für
seine Ausführung.} (21... b5 $5 22. cxb5 Rxc2 23. Rxc2 Rxc2 24. Nxc2 (24. Qxc2
axb5 25. Nc3 b4 $15) 24... axb5 25. Nc3 {[%csl Rb5] Nach 25.Qxb5 wäre 25...Bc6
unangenehm.Ribli.} Ba6 26. Nb4 $14 {[%csl Gb4]}) {[#]} 22. Nd5 $1 $14 {Nach
diesem Zug hat Weiß einen nicht allzu großen, aber deuerhaften positionellen
Vorteil. Schwarz bleibt ohne Gegenspiel.} exd5 23. cxd5 {[%cal Gc1c8] Weiß
gewinnt die Figur wegen der Feßlung auf der c-Linie sofort zurück und hat die
bessere Bauernstruktur.} b5 24. Nb6 $1 (24. dxc6 Rxc6 25. Rxc6 Rxc6 26. Rxc6
Bxc6 27. Nb6 Nxb6 28. Bxb6 Bf6 $11) 24... Nxb6 25. Bxb6 Bf6 26. Qd2 {Weiß hat
ein Mehrtempo, während Schwarz sich nicht von der Feßlung auf der c-Linie
befreien kann.} (26. dxc6 Rxc6 27. Rxc6 Rxc6 28. Rxc6 Bxc6 $11) (26. Bxc7 $5
Nd4 27. Qf2 $1 (27. Qd2 Nxc2 28. Rxc2 Qa7+ 29. Kf1 (29. Qf2 $4 Bd4 $19) 29...
Bxd5 30. Qxd5 Rxc7 31. Rxc7 Qxc7 32. Qa8+ Bd8 $11) 27... Nxc2 28. Rxc2 Bxb2 29.
Bh3) 26... Re7 (26... Rd7 27. dxc6 (27. Bh3 Ne5 {[%cal Re5f3]} 28. Bxd7 Nxf3+
29. Kg2 Nxd2 30. Rxc8+ Bxc8 31. Rxc8+ Qxc8 32. Bxc8 $11) 27... Rxc6 28. Bh3 $16
{[%csl Gb6,Gh3] Die beiden weißen Läufer paralysieren die schwarze Stellung.})
27. dxc6 Rxc6 28. Rxc6 Bxc6 29. Qxd6 {Weiß hat einen Bauern mehr. Wenn Schwarz
nichts konkretes einfällt, kann er seinen Materialvorteil langsam verwerten.}
Bb7 (29... Re6 30. Qd2 Bxe4 {Sonst behält Weiß materiellen Vorteil.} 31. fxe4
Rxb6 32. e5 Qd8 (32... Qa7 33. Rc8+ $18) 33. Qxd8+ Bxd8 34. Rc8 $18) 30. Qd2 {
Weiß hat alles verteidigt. Da sich aber seine Bauernmehrheit am Königsflügel
befindet, ist sein Vorteil nicht so einfach zu verwerten.Ribli.} h5 (30... Re8
$5) 31. Bd8 Qa7+ 32. Kh1 Re6 33. Bxf6 Rxf6 34. h4 $16 {Weiss stoppt den
schwarzen h-Bauern und kontrolliert beide offenen Linien, während der schwarze
Bb7 keine Perspektiven hat.Ribli.} Qb8 {[%csl Rg3]} 35. Kh2 Rd6 36. Qf4 {
Jetzt droht 37.Rd1.Ribli.} Qd8 37. Rc2 Rd1 $6 (37... g6 $5) 38. Qc7 {[%csl Rb7,
Gc7] Schwarz hat große Schwierigkeiten, weil der Bb7 kein Feld hat.} Qd3 (38...
Qxc7 39. Rxc7 $18) (38... Qd4 39. Qxb7 Qg1+ 40. Kh3 $18) 39. Qb8+ Kh7 40. Rc5 {
[%cal Rc5h5]} Rd2 41. Rxh5+ (41. Qxb7 $2 Qxf3 $19) 41... Kg6 42. Rg5+ Kh7 (
42... Kh6 43. Qh8#) 43. Qf8 {[%csl Rg7]} Rxg2+ {Die einzige, aber nicht
ausreichende Chance für Schwarz.} (43... Qd4 44. Qxf7 $18) 44. Kxg2 Qd2+ 45.
Kh3 Qd7+ 46. g4 $18 {Es gibt kein Schach mehr, der schwarze König befindet
sich im Mattnetz.Ribli.} f6 (46... Qd4 47. Qxf7 $18) (46... g6 47. Re5 $18) 47.
Rh5+ Kg6 48. Rh8 $6 {Jeder Zug gewinnt hier. Viel schneller wäre aber:} (48.
Rh6+ $1 Kxh6 (48... gxh6 49. Qg8+ Qg7 50. h5+ Kg5 51. Kg3 Qxg8 52. f4# {[#]})
49. Qh8+ Kg6 50. Qh5#) 48... Bxe4 49. Qc5 (49. Rh6+ $1 {Weiß gewinnt auf
prosaische Weise - für einen Turnierspieler ist das wichtig -, aber das
kunstvollere Turmopfer war ein zweites Mal möglich.} gxh6 50. Qg8+ Qg7 51. h5+
Kg5 52. Kg3 Qxg8 (52... Bxf3 53. Qxg7#) 53. f4#) 49... Bd5 50. h5+ Kf7 51. Rc8
{[%cal Rc8c7,Rc7f7]} Ke6 52. Rc7 Qd8 53. Qb6+ Ke5 54. f4+ {Und Schwarz gab auf,
denn es folgt ein Turmschach mit Damengewinn.} 1-0

[Event "Leon"]
[Site "Leon"]
[Date "1997.06.09"]
[Round "5"]
[White "Granda Zuniga, Julio E"]
[Black "De la Villa Garcia, Jesus Maria"]
[Result "1-0"]
[WhiteElo "2620"]
[BlackElo "2495"]
[Annotator "Ribli,Z"]
[PlyCount "59"]
[EventDate "1997.06.05"]
[EventType "tourn"]
[EventRounds "9"]
[EventCountry "ESP"]
[EventCategory "10"]
[SourceTitle "CBM 060"]
[Source "ChessBase"]
[SourceDate "1997.09.29"]
[SourceVersion "1"]
[SourceVersionDate "1997.09.29"]
[SourceQuality "1"]

1. Nf3 Nf6 2. c4 c5 3. Nc3 d5 4. cxd5 Nxd5 5. g3 (5. e4 $1 {Nach meiner
Meinung ist dies die prinzipielle Antwort.}) (5. e3) (5. d4) 5... Nc6 6. Bg2
Nc7 {Das ist die sogenannte Rubinstein-Variante der Englische Eröffnung.
Schwarz möchte mit nachfolgendem e7-e5 eine starke Zentrumstellung erreichen.}
7. d3 e5 8. O-O Be7 9. Nd2 {[%csl Rd5][%cal Gd2c4] Der weiße Springer zielt
nach c4, wo eine ideale Position einnimmt. Schwarz kontrolliert das Feld d4,
aber auf d5 gibt es ein positionelles "Loch".} Bd7 10. Nc4 O-O {Das ist eine
von Polugaevsky in Turnierpraxis eingeführte Fortsetzung. Die Grundpartie war
Espig-Pologaevsky/Sochi/1974.} (10... f6) 11. Bxc6 Bxc6 12. Nxe5 (12. Na5 $2
Qd7 13. Nxc6 Qxc6 14. Be3 f5 15. Qa4 b5 16. Qb3+ Kh8 17. f3 Rad8 {0-1
Shinkevich,V-Fominyh,A/Moscow op 1994 (48)}) 12... Be8 $44 {Schwarz hat für
den geopferten Bauern positionelle Kompensation.Weiß ist auf den weißen
Feldern geschwächt, Schwarz hat das Läuferpaar und starke Kontrolle über das
Feld d4.} 13. e4 $5 (13. Be3 $5) (13. Qb3 $5) 13... Bf6 (13... Kh8 14. f4 Qd4+
15. Kg2 Rd8 16. Qe2 f6 17. Be3 Qd6 18. Nc4 Qxd3 19. Qxd3 Rxd3 20. Rad1 {
Hergott,D-McCambridge,V/Chicago op 1990/1/2-1/2 (51)}) (13... b5 $5 14. Be3 f6
15. Nf3 Bh5 $44 {[%csl Gd3,Gh5][%cal Gh5d1]}) 14. Ng4 Bd4 {[%csl Gd4]} 15. Ne3
Bc6 {Schwarz hat positionellen Druck für das geopferte Material. Der weiße
d3-Bauer ist schwach und in einigen Varianten Schwarz kommt mit f7-f5 zu
Gegenspiel.} 16. Nf5 Ne6 17. Be3 $5 $146 {[#] Natürlich möchte Weiß die beste
schwarze Figur tauschen.} (17. Nd5 $2 Re8 18. Nxd4 Nxd4 19. Ne3 Qd7 20. f3 Rad8
21. b3 f5 {0-1 Petrosian,T-Vaganian,R/URS-ch44 Moscow 1976 (30)}) (17. Nxd4
Nxd4 18. Be3 f5 19. Bxd4 Qxd4 20. Qb3+ Kh8 21. Ne2 Qd7 22. f3 Bb5 $44 {1-0
Schussler-Donaldson/Malmo open 1985 (46)}) 17... g6 (17... Bxe3 18. Nxe3 (18.
fxe3 $14 {Auf diese Weise hält Weiß das wichtigste Zentrumfeld.}) 18... Nd4 19.
Ncd5 (19. Ned5 f5 {[%csl Gd4]}) 19... f5) 18. Nh6+ (18. Nxd4 $4 cxd4 19. Bh6
dxc3 20. Bxf8 cxb2 $17) 18... Kh8 (18... Kg7 $5 19. Qg4 (19. Qd2) 19... Bxe3
20. Nf5+ Kh8 21. Nxe3 Qxd3 22. Rad1 Qa6 $13 23. Qh4 (23. f4) 23... f5) 19. Qb3
$5 {[%cal Gc4f7,Gb3f7] Weiß gibt seinen Materialvorteil zurück und erhält
aktives Gegenspiel.} (19. Qc1 f5 20. exf5 gxf5 $132) 19... Bxe3 20. fxe3 Qxd3
21. Ng4 $13 {[%cal Rg4e5] Weiß hat einen Doppelbauern auf der e-Linie, aber
die schwarzen Königsstellung ist schwach, besonders die schwarzen Felder
entbehren des Schutzes. Die weißen e-Bauern haben auch Vorteilen: der e3-Bauer
hält das wichtige Feld d4, und der e4-Bauer kontrolliert den Punkt d5.} Qd8 (
21... Rad8 22. Rad1 Qa6 23. Ne5 {[%csl Ge5]}) (21... Qd6 22. Rad1 Qc7 23. Nd5 {
[%csl Gd5,Rh8][%cal Rb3c3,Rc3h8]}) 22. Nd5 $14 {[%csl Gd5]} (22. Rad1 Qb6 {
[%csl Gb6]}) 22... Qa5 {Schwarz verhindert das unangenehme Damenschach auf c3.}
23. Ne5 {[%csl Gd5,Ge5]} Ng5 (23... Kg8 24. Ne7+ $2) 24. Qc2 (24. Nc4 $5 Bxd5
$8 (24... Qd8 25. Qc3+ $18) 25. exd5 $14 {[%csl Gc4,Rh8][%cal Rb3c3,Rc3h8]} Qb4
) 24... f6 (24... Rae8 25. Nc4 $16 {Es folgt 26.Qc3}) (24... Bxd5 25. exd5 $14
{Weiß hat gute Angriffchancen und im Endspiel einen Freibauern.}) 25. Nxc6 (25.
Nc4 Qd8 26. Rad1 $36 {[%cal Gd1d8]}) 25... bxc6 26. Nxf6 Rad8 27. Rad1 $40 Kg7
(27... Qxa2 $2 28. Qc3 {[%cal Rc3h8]}) 28. e5 c4 29. Nd7 Nf3+ $4 {Ein
unglaubliche Fehler!} (29... Rxf1+ 30. Kxf1 (30. Rxf1 $2 Rxd7 (30... Qd5 $19)
31. Qf2 Nh3+ $19) 30... Qxa2 $13 {Es ist wahr, daß der schwarze König
gefährdet steht, aber die Stellung ist kompliziert, und ich vermag nicht zu
sehen, wie Weiß im Angriff gewinnen kann.} 31. Qf2 (31. e6 Nxe6 32. Qc3+ Kh6) (
31. Qc3 Ne6 {[%csl Ge6]}) 31... Ne4) 30. Kg2 $18 (30. Kg2 Rf7 (30... Nxe5 31.
Nxf8 $18) 31. e6 $18) 1-0

[Event "RUS-ch m1-2"]
[Site "Elista"]
[Date "1997.05.25"]
[Round "3.1"]
[White "Zvjaginsev, Vadim"]
[Black "Filippov, Valerij"]
[Result "1-0"]
[WhiteElo "2610"]
[BlackElo "2510"]
[Annotator "Ribli,Z"]
[PlyCount "45"]
[EventDate "1997.05.19"]
[EventType "k.o."]
[EventRounds "6"]
[EventCountry "RUS"]
[SourceTitle "CBM 059"]
[Source "ChessBase"]
[SourceDate "1997.08.01"]
[SourceVersion "1"]
[SourceVersionDate "1997.08.01"]
[SourceQuality "1"]

1. e4 c5 2. Nf3 e6 3. c4 Nc6 4. Nc3 Nf6 5. Be2 d5 (5... b6 $5 6. O-O (6. d4 $5)
6... Bb7 7. Re1 $6 Qb8 8. h3 Bd6 9. d4 cxd4 10. Nxd4 Bh2+ 11. Kh1 Nxd4 12. Qxd4
Be5 $15 {Ruck,R-Ribli,Z/tt_HUN 1996/1/2-1/2 (41)}) (5... Qb6 $5 {[%cal Yb6d4]})
6. e5 (6. exd5 $5 exd5 7. d4) (6. cxd5 exd5 7. e5 Nd7 (7... Ne4 8. O-O Be7 $13)
8. Bb5 (8. Nxd5 Ndxe5 9. Nxe5 Qxd5 10. Nxc6 Qxc6 11. O-O Be7 12. d4 {1/2-1/2
Agrest,E-Ulibin,M/Rilton Cup96/97 1996}) 8... a6 9. Bxc6 bxc6 10. O-O Be7 11.
b3 O-O 12. Ba3 c4 13. Bxe7 Qxe7 14. bxc4 Nxe5 15. Nxe5 Qxe5 16. d4 Qf5 17. cxd5
cxd5 18. Re1 {Agrest,E-Vadasz,L/Bela mem 1997/1-0 (57)}) 6... Ng4 (6... Nd7 7.
cxd5 exd5 8. Bb5 (8. Nxd5 Ndxe5 $15 {[%csl Yd3,Yd4]}) 8... Nb6 9. O-O Be7 10.
d4 $14) (6... Ne4 7. O-O Be7 $5) 7. cxd5 exd5 8. Bb5 d4 9. Bxc6+ $1 {Das
scheint mir eine chancenreiche Variante für Weiß zu sein. Es gibt viele
Komplikationen auf dem Brett, aber die schwarze Stellung weist einige
Schwachpunkte auf.Ribli.} (9. Ne4 Qd5 10. d3 Be7 11. O-O Ngxe5 12. Nxe5 Qxe5
13. f4 Qc7 14. f5 Bd7 15. f6 gxf6 16. Nxf6+ Bxf6 17. Rxf6 {1-0 Stavru,A-Drei,A/
Forli op 1992 (37)}) 9... bxc6 10. Na4 Ba6 (10... Be7 {Ribli}) (10... Qd5 {
Chekhov} 11. O-O Be7 12. Re1 O-O 13. h3 Nh6 14. d3 Nf5 15. b3 $22 Ba6 16. Ba3
Bb5 17. Nb2 a5 18. Rc1 $16) 11. d3 (11. h3 $2 Nxe5 $1 12. Nxe5 Qe7 13. f4 $2
Qh4+) 11... c4 {Die Abweichung von der früheren Partie Zvjagincev,V-Ulibin,M.
Ich möchte anmerken, daß Weiß die Variante dort in der Zugfolge 1.Nf3 Nf6 2.c4
c5 3.Nc3 e6 4.e4-usw erreichte. Hier haben wir die gleiche Variante, aber mit
1.e4 c5 2.Nf3 usw. Vielleicht ist das die Ursache für Filippovs schwache
Vorbereitung auf dieses System.Ribli.} (11... Qa5+ $6 12. Bd2 Qb5 13. O-O Qxd3
14. Re1 $16 {1-0 Zvjaginsev,V-Ulibin,M/RUS-ch Elista 1996 (26)}) 12. O-O cxd3
13. e6 $1 {[%csl Re8,Rg4]} (13. Ng5 d2 $2 14. Bxd2 Bxf1 15. Qxg4 Bc4 16. e6 $16
) (13. Re1) (13. h3) 13... f5 (13... fxe6 14. Ng5 {[%csl Gg5]} Nf6 15. Nxe6 $16
{[%csl Ge6,Re8][%cal Yf1e1,Ye1e8]}) (13... Be7 14. h3 Nf6 15. Ng5 {[%csl Rf7]}
(15. exf7+ Kxf7 16. Ne5+ Kf8 17. Nxd3 Bxd3 18. Qxd3 Qd5 $14 {Da Weiß die
bessere Königsstellung und eine gute Bauernstruktur aufzuweisen hat, steht er
zwar besser, Schwarz kann sich jedoch verteidigen.Ribli.}) 15... Qd5 16. exf7+
Kd7 17. Re1 $36 {[%csl Gf7][%cal Ye1e7]}) 14. Bg5 $1 $16 {[%csl Ge6,Re8] Weiß
hat großen Entwicklungsvorsprung für nur einen Bauern, während insbesondere
die schwarze Königsstellung schwach ist.Ribli.} Be7 15. Nc5 {[%csl Gc5]} Bc4 (
15... Bxg5 16. Nxa6 Bf6 (16... O-O 17. Qxd3 {[%csl Ge6] Weiß hat
Positionsvorteil, die schwarze Figurenkoordination ist schlecht.Ribli.}) 17.
Qxd3) 16. Rc1 {Alle weißen Figuren partizipieren am Angriff. Ribli.} Qd5 (16...
Bxg5 17. Rxc4 {[%csl Gc4,Gc5,Rd3,Rd4,Ge6,Re8]}) 17. Bxe7 (17. b3) 17... d2 {
Schwarz gewinnt vorübergehend weiteres Material, aber seine Königsstellung
wird katastrophal geschwächt.Ribli.} (17... Kxe7 18. Nxd3 {[%csl Ge6,Re7][%cal
Yf1e1,Ye1e7] Und die Stellung ist nur unter dem Materialaspekt ausgeglichen.
Schwarz hat viele Felder- und Bauernschwächen.Ribli.}) 18. Qxd2 Bxf1 19. Qg5
$40 {[%csl Gc5,Ge6,Ge7,Re8,Gg5,Rg7]} g6 (19... Bb5 20. Qxg7 $18 {[%csl Re8]
[%cal Rg7f7,Rg7h8]}) 20. Rxf1 $18 {Jetzt hat Weiß zwei Leichtfiguren gegen den
Turm und -was noch wichtiger ist- sein Angriff setzt sich fort.Ribli.} Rg8 21.
h3 Rg7 22. hxg4 Rxe7 23. Qf6 {[%csl Re8][%cal Rg7h8,Rf6h8] Und Schwarz gab
angesichts der Mattdrohung auf h8 auf.Ribli.} 1-0